000 00774nam a22001577a 4500
003 OSt
005 20151112153023.0
008 151112b xxu||||| |||| 00| 0 eng d
040 _cRUA
082 _aFOR SOU 2005 B132 Or.1
100 _93619
_aSOUN, SOPHEAP.
245 _astudy on afzelia xylocarpa craib growth wing which terrace planed and along road in the royal university of agriculture, ការសិក្សាពីការលូតលាស់ប្រភេទឈើបេងដែលដាំលំអរតាមចន្លោះធ្លា និងបណ្តោយផ្លូវនៅក្នុងសាកលវិទ្យាល័យកសិកម្ម
260 _aPhnom Penh
_bRUA
_c2005
300 _ax; 50p.
_bill.
_c29cm.
942 _2ddc
_cFOR
999 _c3370
_d3370